|
|
|
|
| LEADER |
00000ny a22000003n 4500 |
| 005 |
20110614150458.0 |
| 008 |
A00524s2000 sp 000 0 spa c |
| 017 |
|
|
|a D.L.M9652-00
|
| 020 |
|
|
|a 9788493140700
|
| 035 |
|
|
|a 2624
|
| 040 |
|
|
|a SpMaUCDE
|d vLex
|
| 090 |
|
|
|c 687
|d 687
|
| 100 |
1 |
|
|a Garca̕ Gil, F. Javier
|
| 245 |
1 |
3 |
|a Los procesos declarativos
|h [Recurso electrn̤ico]
|b Juicio ordinario, Juicio verbal, conforme a la Ley 1/2000, de 7 de enero, de Enjuiciamiento civil /
|c F. Javier Garca̕ Gil
|
| 256 |
|
|
|a Servicio en ln̕ea
|
| 260 |
|
|
|a Madrid :
|b DIJUSA,
|c 2000
|
| 300 |
|
|
|a 657 p. ;
|c 25 cm
|
| 506 |
1 |
|
|a Contenido solo disponible en los productos indicados
|d vLex Global
|d vLex Global (Academic Edition, excluding Law Schools)
|d vLex Global (U.S. Academic Edition, Law Schools)
|d vLex Global (U.S. Academic Edition, excluding Law Schools)
|d vLex Global (Academic Edition, Law Schools)
|
| 650 |
0 |
7 |
|a Procesal
|2 Tesauro vLex
|
| 650 |
0 |
7 |
|a Juicios declarativos ordinarios
|2 Tesauro vLex
|
| 650 |
0 |
7 |
|a Juicios sumarios declarativos
|2 Tesauro vLex
|
| 710 |
1 |
|
|a Espaą.
|t Ley de enjuiciamiento civil, 2000
|
| 740 |
0 |
|
|a vLex Libros (Servicios en ln̕ea)
|
| 856 |
4 |
0 |
|u http://vlex.com/source/2624
|z Acceso restringido
|
| 942 |
|
|
|c BOOK
|
| 999 |
0 |
|
|a Procedure (Law)
|b Madrid
|